| 000 | 00976nam a22002175i 4500 | ||
|---|---|---|---|
| 001 | 164763 | ||
| 003 | ES-MaACL | ||
| 005 | 20230906213011.0 | ||
| 008 | 021004s1895 sp |||| | spa d | ||
| 040 |
_aCCPB | B _bspa _cCCPB | B |
||
| 100 | 1 |
_aSantos Ongsiaco, Isidoro de. _9132451 |
|
| 245 | 1 | 0 |
_aContribución al estudio de la infección puerperal _b: (patogenia y tratamiento) : tesis del doctorado en medicina / _cpor Isidoro de Santos Ongsiaco. |
| 260 |
_aMadrid : _b[s.n.], _c1895 ( _fEst. tipográfico de Ricardo Fé) |
||
| 300 |
_a159 p. ; _c22 cm. |
||
| 502 | _aTesis--Universidad Central (Madrid), 1894. | ||
| 530 | _aDisponible en formato digital. | ||
| 594 | _aPrecede al tít.: Universidad Central. | ||
| 650 | 4 |
_aInfecciones puerperales. _9148880 |
|
| 852 |
_aES-MaACL _jT-856-F-6 _z-- Enc. hol., conservando la cub. original _z-- Enc. en un vol. facticio |
||
| 856 |
_uhttp://bdh-rd.bne.es/viewer.vm?id=0000114153&page=1 _zBiblioteca Digital Hispánica |
||
| 999 |
_c164763 _d164763 |
||